LIBRARY & INFORMATION CENTRE, KCAET, TAVANUR

ONLINE PUBLIC ACCESS CATALOGUE (OPAC)

Advances in Transport Process Vol V (Record no. 19398)

MARC details
000 -LEADER
fixed length control field 00383nam a22001577a 4500
003 - CONTROL NUMBER IDENTIFIER
control field OSt
008 - FIXED-LENGTH DATA ELEMENTS--GENERAL INFORMATION
fixed length control field 250217b |||||||| |||| 00| 0 eng d
041 ## - LANGUAGE CODE
Language code of text/sound track or separate title eng
082 ## - DEWEY DECIMAL CLASSIFICATION NUMBER
Classification number 621.4021
Item number MUJ/AD
100 ## - MAIN ENTRY--AUTHOR NAME
Personal name Majumdar, Arun S
245 ## - TITLE STATEMENT
Title Advances in Transport Process Vol V
250 ## - EDITION STATEMENT
Edition statement 1st
260 ## - PUBLICATION, DISTRIBUTION, ETC. (IMPRINT)
Place of publication New Delhi:
Name of publisher Wiley Eastern Ltd,
Year of publication 1987.
300 ## - PHYSICAL DESCRIPTION
Number of Pages 617p.
942 ## - ADDED ENTRY ELEMENTS (KOHA)
Koha item type Books
Holdings
Withdrawn status Lost status Damaged status Home library Current library Date acquired Source of acquisition Cost, normal purchase price Full call number Accession Number Koha item type
      KAUAET KAUAET 17/02/2025 Higgin BothGrees, Ernakulam 500.00 621.4021 MUJ/AD 19974 Books
free website counter